00901nam a22002658i 4500001001000000003000900010005001700019008004100036020001800077040004100095082002000136100003000156245004100186264003600227300002800263336002600291337002800317338002700345650003900372653002700411655001700438942001200455999001700467952015100484020543830EG-ScBUE20260211094033.0220131s2022 enk f 000 f eng d a9781405942256 aStDuBDSbengerdacStDuBDSdEG-ScBUE04a823.92222bMOR1 aMoriarty, Liane,eauthor.10aApples never fall /cLiane Moriarty. 1aLondon :bPenguin Books,c2022. avii, 502 pages ;c20 cm atext2rdacontentbtxt aunmediated2rdamediabn avolume2rdacarrierbnc 72BUEshaEnglish fictiony20 century cFebruary2026bHHUUEENN vReading book 2ddccBB c31113d31084 00102ddc40708AlahramaMAINbMAINc2NDd2026-02-11ePurchaseg575.00h60l0o823.92 MORp000057515r2026-02-11 00:00:00v718.50w2026-02-11yBB